000 00583nam a22001937a 4500
005 20251108164035.0
008 250721s1997 xx 000 0 ara d
082 1 4 _a216,534/قعد
100 1 _aقعدان، زيدان عبد الفتاح
245 1 0 _aالمرأه في ظل شريعة القرآن /
250 _aط2.
264 1 _aعمان :
_bدار البشير :مؤسسة الرسالة،
_c1997.
300 _a200ص.
490 0 _aنحو صحوة إسلامية
650 1 7 _aالمرأة المسلمة
650 1 7 _aالفقه
942 _2ddc
_cBK
999 _c2108
_d2108